[Event "1st Goa GM Open 2018"]
[Site "Taleigao"]
[Date "2018.10.13"]
[Round "1"]
[White "Shuban Saha"]
[Black "Bakunts, Rafael"]
[Result "0-1"]
[WhiteElo "1916"]
[BlackElo "2427"]
[Annotator "TA"]
[PlyCount "80"]
[EventDate "2018.10.13"]
[EventType "swiss"]
[EventCountry "IND"]
[SourceTitle "playchess.com"]
[Source "ChessBase"]
[SourceQuality "1"]

{[%evp 17,80,10,17,15,20,7,7,5,6,9,11,2,12,0,0,0,0,-6,0,-6,-6,-6,0,-19,-20,-20,-30,-35,-32,-85,-29,-43,0,0,0,0,0,-143,-141,-129,-133,-119,-70,-204,-205,-204,-199,-192,-181,-212,-220,-993,-272,-367,-360,-597,-648,-662,-693,-2421,-2137,-1382,-1244,-1118,-1115]} 1. Nf3 Nf6 2. g3 g6 3. Bg2 Bg7 4. O-O O-O 5. d4 d6 6. b3 Nbd7 7. Bb2 e5 8. dxe5 Ng4 9. Nbd2 Ndxe5 {LiveBook: 6 Partien. A49: Königsindisch (ohne c2-c4)} (9... Ngxe5 10. Nd4 Re8 11. c4 Nf8 12. Qc2 Rb8 13. Rad1 Bd7 14. Ne4 Qe7 15. Nc3 Ne6 16. Nd5 Qf8 17. h3 c6 18. Nxe6 fxe6 {1-0 (36) Banusz,T (2586)-Radnai,A (2337) Arad 2015}) 10. Qc1 Re8 11. e3 $146 ({Vorgänger:} 11. Nxe5 dxe5 12. Nc4 e4 13. Bxg7 Kxg7 14. h3 Nf6 15. Qb2 Kg8 16. Rad1 Qe7 17. Qa3 {0-1 (46) Chernikov,O (2405)-Alekseev,A (2270) Decin 1998}) 11... a5 {Die Stellung ist ausgeglichen.} 12. a4 h5 13. h3 Nxf3+ 14. Nxf3 Nf6 15. c4 Ne4 16. Bxg7 Kxg7 17. Qc2 Qf6 18. Nd4 Nc5 19. Rad1 Bf5 (19... Re7 {looks sharper.} 20. h4 Bg4 21. Rd2 Rae8 22. Rc1 Bd7) 20. Nxf5+ (20. Qd2 {feels hotter.} Bd7 21. h4 Re5 22. Rfe1 Re7 23. Qc3) 20... Qxf5 21. Qxf5 gxf5 22. h4 Ra6 23. Rd5 (23. Rb1 $15) 23... Rb6 (23... Re5 $1 $17) 24. Rxf5 $11 Re5 25. Rxe5 dxe5 {[%mdl 4096] Endspiel KTL-KTS} 26. Rd1 $1 {[%cal Rd1d5]} c6 27. Bf3 (27. Rd8 $11) 27... Rxb3 $17 28. Bxh5 Ra3 29. f4 Rxe3 30. Kf2 {[#]} ({Weiss braucht} 30. fxe5 $1 $15 Rxe5 31. Bf3) 30... exf4 $1 $19 31. gxf4 Rh3 32. Bf3 Rxh4 ({Jedoch nicht} 32... Nxa4 33. Rg1+ Kf8 34. Rg4 $15) 33. Rg1+ Kf6 34. Rg5 $2 {[#]} (34. Ke3) 34... b6 $2 (34... Ne4+ $1 {[%mdl 512]} 35. Bxe4 Rxf4+ 36. Ke3 Kxg5) 35. Kg3 {[#]} Rxf4 $1 {[%mdl 512]} 36. Kxf4 $2 (36. Rh5 Rxc4 37. Bxc6) 36... Ne6+ {Schwarz steht klar auf Gewinn.} 37. Kg4 Nxg5 38. Bxc6 Ne6 39. Be8 Nc7 40. Bd7 Ke5 {Precision: Weiß = 47%, Schwarz = 65%.} 0-1

[Event "1st Goa GM Open 2018"]
[Site "Taleigao"]
[Date "2018.10.13"]
[Round "1"]
[White "Ashwin, Hariharan"]
[Black "Akash G"]
[Result "0-1"]
[WhiteElo "1914"]
[BlackElo "2424"]
[Annotator "TA"]
[PlyCount "68"]
[EventDate "2018.10.13"]
[EventType "swiss"]
[EventCountry "IND"]
[SourceTitle "playchess.com"]
[Source "ChessBase"]
[SourceQuality "1"]

{[%evp 19,68,13,8,-40,17,-11,-11,-14,-3,-17,-2,-37,-31,-33,-31,-77,-72,-84,-50,-67,-56,-64,-54,-59,-10,-95,-95,-95,-93,-95,-97,-92,-97,-193,-206,-230,-213,-237,-214,-249,-249,-257,-253,-247,-273,-294,-253,-404,-309,-29978,-29979]} 1. e4 c5 2. Nc3 Nc6 3. Bb5 Nd4 4. Nf3 g6 5. Ba4 Bg7 6. O-O a6 {B31: Sicilian: 2...Nc6 3 Bb5 g6} (6... Qa5 7. Rb1 a6 8. Nxd4 cxd4 9. b4 Qd8 10. Ne2 b5 11. Bb3 Bb7 12. d3 d5 13. f3 e6 14. Bb2 {0-1 (40) Karjakin,S (2756)-Radjabov,T (2713) Beijing 2013}) 7. Nxd4 cxd4 8. Ne2 {[%cal Bc3e2,Be2g1,Bg1f3][%mdl 32]} e6 9. d3 Ne7 10. f4 O-O {LiveBook: 7 Games} 11. Kh1 f5 $146 ({Black should try} 11... d5 $15) ({Predecessor:} 11... d6 12. Bb3 b5 13. Ng3 Kh8 14. Qe1 a5 {1-0 (38) Rydl,J (2419)-Cerveny,M (2399) Olomouc 2015}) 12. Ng1 b5 13. Bb3 Bb7 14. Qe2 Qb6 15. Nf3 a5 {[%cal Ba6a5,Ba5a4][%mdl 32]} 16. a3 Rac8 17. e5 a4 $36 {[%mdl 2048] Strongly threatening ...Bxf3. White is under strong pressure.} 18. Ba2 Qc5 19. Bd2 Bxf3 $1 20. gxf3 Nd5 21. Rac1 Rc6 22. c4 (22. h4 $11 {remains equal.}) 22... dxc3 $17 23. Bxd5 Qxd5 24. Rxc3 Rfc8 25. Rfc1 Bf8 26. Kg2 (26. Rxc6 $17 Rxc6 27. Rxc6 dxc6 28. Be3) 26... Qa2 $1 $19 {[%cal Ra2b2]} 27. R1c2 Rxc3 $1 28. Bxc3 {[#]} Qb3 $1 29. Qd2 {[#]} b4 $1 {[%cal Rb4c3][%mdl 512]} 30. axb4 {[#]} Bxb4 $1 {[%mdl 512] White must now prevent ...a3.} 31. Rc1 (31. Bxb4 Rxc2) 31... Bxc3 32. bxc3 a3 33. Rc2 (33. Kg3 $142) 33... Rb8 34. Qc1 $2 {[#]} (34. Kg3 $19) 34... Qxc2+ $1 {[%mdl 512] Precision: White = 36%, Black = 78%.} 0-1

[Event "1st Goa GM Open 2018"]
[Site "Taleigao"]
[Date "2018.10.13"]
[Round "1"]
[White "Meghna, C H"]
[Black "Raghunandan, Kaumandur Srihari"]
[Result "*"]
[WhiteElo "1904"]
[BlackElo "2394"]
[Annotator "TA"]
[PlyCount "39"]
[EventDate "2018.10.13"]
[EventType "swiss"]
[EventCountry "IND"]
[SourceTitle "playchess.com"]
[Source "ChessBase"]
[SourceQuality "1"]

{[%evp 1,1,10]} 1. e4 {Predecessor:} e5 $146 2. Nf3 Nc6 3. Bb5 a6 4. Ba4 Nf6 5. O-O Nxe4 6. d4 b5 7. Bb3 d5 8. dxe5 Be6 9. Nbd2 Nc5 10. c3 Be7 11. Bc2 d4 12. Nb3 d3 13. Bb1 Nxb3 14. axb3 Bf5 15. Be3 O-O 16. Bd4 Qd5 17. Re1 d2 18. Re2 Bxb1 19. Rxb1 Nxd4 20. Nxd4 {1-0 (64) Caruana,F (2827)-Mamedyarov,S (2820) Batumi 2018} *

[Event "1st Goa GM Open 2018"]
[Site "Taleigao"]
[Date "2018.10.14"]
[Round "2"]
[White "Amonatov, Farrukh"]
[Black "Mehdi Hasan Parag"]
[Result "1-0"]
[WhiteElo "2615"]
[BlackElo "2209"]
[Annotator "ChessBase"]
[PlyCount "55"]
[EventDate "2018.10.13"]
[EventType "swiss"]
[EventCountry "IND"]
[SourceTitle "playchess.com"]
[Source "ChessBase"]
[SourceQuality "1"]
[TimeControl "5400+30"]

1. e4 {[%emt 0:00:00]} c6 {[%emt 0:00:00]} 2. d4 {[%emt 0:00:00]} d5 {[%emt 0:00:00]} 3. e5 {[%emt 0:00:00]} c5 {[%emt 0:00:30]} 4. dxc5 {[%emt 0:00:41]} e6 {[%emt 0:00:17]} 5. Qg4 {[%emt 0:00:11]} Nd7 {[%emt 0:07:41]} 6. Bb5 {[%emt 0:01:53]} Qc7 {[%emt 0:00:41]} 7. Nf3 {[%emt 0:00:30]} Qxc5 {[%emt 0:01:54]} 8. Nc3 {[%emt 0:01:50]} a6 {[%emt 0:00:19]} 9. Bd3 {[%emt 0:06:46]} Qc7 {[%emt 0:01:28]} 10. Bf4 {[%emt 0:01:26]} Ne7 {[%emt 0:05:06]} 11. O-O {[%emt 0:00:46]} Nc5 {[%emt 0:00:51]} 12. Be2 {[%emt 0:03:42]} Ng6 {[%emt 0:00:20]} 13. Bg3 {[%emt 0:01:25]} Be7 {[%emt 0:04:52]} 14. h4 {[%emt 0:01:38]} h5 {[%emt 0:01:02]} 15. Qd4 {[%emt 0:00:06]} Qc6 {[%emt 0:03:20]} 16. a4 {[%emt 0:03:12]} Bd7 {[%emt 0:01:17]} 17. Rfd1 {[%emt 0:04:08]} Rc8 {[%emt 0:04:47]} 18. Qe3 {[%emt 0:04:39]} b6 {[%emt 0:22:40]} 19. Ng5 {[%emt 0:06:27]} a5 {[%emt 0:02:53]} 20. Nb5 {[%emt 0:03:33]} Ra8 {[%emt 0:07:47]} 21. c4 {[%emt 0:05:10]} Bxg5 {[%emt 0:01:27]} 22. hxg5 {[%emt 0:00:12]} h4 {[%emt 0:00:45]} 23. Nd6+ {[%emt 0:01:08]} Ke7 {[%emt 0:00:23]} 24. cxd5 {[%emt 0:01:56]} exd5 {[%emt 0:00:10]} 25. Bb5 {[%emt 0:00:20]} Qc7 {[%emt 0:02:42]} 26. e6 {[%emt 0:00:54]} hxg3 {[%emt 0:01:36]} 27. exd7+ {[%emt 0:00:58]} Kxd6 {[%emt 0:00:31]} 28. Rxd5+ {[%emt 0:00:12] Ke7 Rdd1+} 1-0

[Event "1st Goa GM Open 2018"]
[Site "Taleigao"]
[Date "2018.10.14"]
[Round "2"]
[White "Popov, Ivan"]
[Black "Franco Valencia, Angela"]
[Result "1-0"]
[WhiteElo "2611"]
[BlackElo "2188"]
[Annotator "TA"]
[PlyCount "77"]
[EventDate "2018.10.13"]
[EventType "swiss"]
[EventCountry "IND"]
[SourceTitle "playchess.com"]
[Source "ChessBase"]
[SourceQuality "1"]

{[%evp 12,77,20,11,15,12,16,18,32,17,35,41,37,31,27,27,23,35,43,45,56,45,54,-2,53,44,88,99,79,87,152,152,147,149,155,175,183,166,186,188,182,177,181,176,169,131,252,106,116,0,198,198,192,150,169,173,151,150,162,155,177,170,250,239,262,256,383,377]} 1. e4 e5 2. Nf3 Nc6 3. Bc4 Bc5 4. O-O d6 5. c3 Bb6 6. a4 Nf6 7. d3 h6 {C54: Giuoco Piano: 4 c3 Nf6, main lines with 5 d4 and 5 d3} 8. Re1 O-O 9. h3 a6 {The position is equal.} 10. Nbd2 Ne7 {[%cal Bc6e7,Be7g6,Bg6f4][%mdl 32]} (10... Re8 11. b4 Ba7 12. Rb1 Bd7 13. b5 axb5 14. axb5 Na5 15. Ba2 c6 16. bxc6 bxc6 {1-0 (46) Swiercz,D (2657)-Petrosian,T (2613) Las Vegas 2018}) 11. a5 Ba7 12. Bb3 Ng6 13. d4 Re8 14. Bc2 Nh5 15. Nf1 Qf6 16. Be3 $146 Ngf4 17. N3h2 ({Better is} 17. Ng3 $14) 17... Qh4 (17... exd4 $11 18. cxd4 c5) 18. Kh1 $14 Nxg2 19. Kxg2 Bxh3+ 20. Kh1 Re6 {[#]} ({Black should play} 20... d5) 21. Nd2 $1 $16 {[%cal Rd2f3]} Rg6 {( -> ...Bg2+)} 22. Rg1 Rxg1+ 23. Qxg1 {And now Nhf3 would win.} Nf4 24. Ndf3 Qh5 {Threatens to win with ...Bg2+.} 25. Bxf4 exf4 26. Qc1 g5 27. Qd2 Kf8 28. Qd3 Bd7 {[#]} (28... Be6 $16 29. Kg1 g4) 29. Qc4 (29. e5 $1 $18 {is the precise move to win. Black must now prevent Qh7.} Qg6 30. Qxg6 fxg6 31. exd6 (31. Bxg6 g4 $18)) 29... Rc8 30. Qd5 (30. Ba4 $16 Be6 31. Qd3) 30... Bc6 $2 (30... Rb8 $1 $11 31. Qc4 c6) 31. Qf5 $18 Re8 32. Kg2 Qg6 33. Qxg6 fxg6 34. Nd2 Bd7 35. f3 Kg7 36. Ba4 c6 (36... Bxa4 $142 37. Rxa4 h5) 37. Nc4 Bb8 38. Nb6 Be6 (38... Re7 $142 39. Nxd7 Rxd7) 39. d5 {Precision: White = 72%, Black = 52%.} 1-0

[Event "1st Goa GM Open 2018"]
[Site "Taleigao"]
[Date "2018.10.14"]
[Round "2"]
[White "Bernadskiy, Vitaliy"]
[Black "Snehal, Bhosale"]
[Result "*"]
[WhiteElo "2547"]
[BlackElo "2141"]
[Annotator "TA"]
[PlyCount "34"]
[EventDate "2018.10.13"]
[EventType "swiss"]
[EventCountry "IND"]
[SourceTitle "playchess.com"]
[Source "ChessBase"]
[SourceQuality "1"]

{[%evp 11,12,22,44]} 1. e4 e5 2. Nf3 Nc6 3. Bb5 a6 4. Ba4 Nf6 5. O-O b5 6. Bb3 Bc5 {LiveBook: 2508 Partien} {Vorgänger:} 7. c3 $146 d6 8. d4 Bb6 9. a4 Rb8 10. a5 Ba7 11. h3 O-O 12. Be3 Ra8 13. Nbd2 h6 14. Re1 Re8 15. Qc2 exd4 16. Nxd4 Nxd4 17. cxd4 c5 {1-0 (63) Saric,I (2689)-Maghsoodloo,P (2649) Batumi 2018} *

[Event "1st Goa GM Open 2018"]
[Site "Taleigao"]
[Date "2018.10.14"]
[Round "2"]
[White "Bernadskiy, Vitaliy"]
[Black "Snehal, Bhosale"]
[Result "1/2-1/2"]
[WhiteElo "2547"]
[BlackElo "2141"]
[Annotator "TA"]
[PlyCount "72"]
[EventDate "2018.10.13"]
[EventType "swiss"]
[EventCountry "IND"]
[SourceTitle "playchess.com"]
[Source "ChessBase"]
[SourceQuality "1"]

{[%evp 20,72,20,0,14,-16,118,114,126,120,117,87,139,125,161,66,66,73,89,57,56,69,64,38,34,22,95,86,92,0,213,79,215,200,214,209,228,185,1123,783,783,777,777,749,1608,0,0,0,0,0,0,0,0,0,0]} 1. e4 e5 2. Nf3 Nc6 3. Bb5 a6 4. Ba4 Nf6 5. O-O b5 6. Bb3 Bc5 7. c3 d6 8. a4 Rb8 9. d4 Bb6 10. a5 {C78: Ruy Lopez: Archangelsk and Möller Defences} Ba7 11. Be3 {LiveBook: 41 Games} Bg4 12. dxe5 Bxe3 $146 (12... Bxf3 $1 $11 13. Qxf3 (13. gxf3 dxe5 14. Qxd8+ Rxd8 $11) 13... Nxe5) ({Predecessor:} 12... Bxf3 13. Qxf3 Nxe5 14. Qe2 Bxe3 15. Qxe3 O-O 16. Nd2 Re8 17. f3 c5 {0-1 (42) Najer,E (2681)-Shirov,A (2730) Germany 2010}) 13. exf6 $16 {[%cal Be5f6,Bf6g7][%mdl 32]} Bh6 14. fxg7 Rg8 15. Bd5 Qd7 (15... Ne7 $142) 16. Bxc6 Qxc6 17. Ne5 (17. Nd4 $18 Qd7 18. f3) 17... dxe5 $14 18. Qxg4 Rxg7 19. Qf3 Rd8 20. Na3 $36 {[%mdl 2048] White fights for an advantage.} Rd2 21. Rad1 {[%cal Ba1d1,Bd1d5,Bd5d8,Bd8a8][%mdl 32] Black must now prevent Rxd2.} Rxb2 22. Rd5 Bf4 (22... Qe6 $11 {keeps the balance.}) 23. Rfd1 $1 $16 {Nc2! is the strong threat.} Rg6 24. g3 ({Better is} 24. Rd8+ $16 Ke7 25. g3) 24... Qe6 $2 (24... Kf8 $1 $11 {and Black is okay.}) 25. Rd8+ $18 Ke7 {[#]} 26. Qd3 $1 {Intending Re8+! and mate.} Kf6 {[#]} 27. Ra8 $1 Kg7 28. Qd8 Qh3 $2 (28... Rf6) 29. Qf8+ Kf6 30. Rxa6+ Kg5 31. Rxg6+ ({Inferior is} 31. gxf4+ Kh5+ 32. Rxg6 fxg6 $11) 31... fxg6 32. gxf4+ $2 ({White should try} 32. Rd5 $18 {Threatening mate with Qxf4+.} Qg4 33. h3) 32... Kh5 $11 {( -> ...Qg4+). The position is equal.} 33. Rf1 Qg4+ 34. Kh1 Qf3+ 35. Kg1 {Hoping for Qc8.} Qg4+ 36. Kh1 Qf3+ {Precision: White = 56%, Black = 48%.} 1/2-1/2

[Event "1st Goa GM Open 2018"]
[Site "Taleigao"]
[Date "2018.10.14"]
[Round "2"]
[White "Sivuk, Vitaly"]
[Black "Singh, D.P."]
[Result "1-0"]
[WhiteElo "2545"]
[BlackElo "2132"]
[Annotator "TA"]
[PlyCount "55"]
[EventDate "2018.10.13"]
[EventType "swiss"]
[EventCountry "IND"]
[SourceTitle "playchess.com"]
[Source "ChessBase"]
[SourceQuality "1"]

{[%evp 19,55,41,83,44,129,123,129,129,129,115,114,121,120,120,118,127,122,130,125,76,214,180,259,268,260,171,181,177,323,306,312,305,470,470,802,804,789,771]} 1. d4 Nf6 2. Nf3 g6 3. Nbd2 d5 4. e3 Bg7 5. b4 {[%cal Bb2b4,Bb4b5][%mdl 32]} O-O 6. Bb2 Nbd7 7. Be2 Re8 8. c4 c6 9. O-O a5 {A48: 1 d4 Nf6 2 Nf3 g6: Torre, London and Colle Systems} 10. b5 c5 {LiveBook: 3 Games} 11. Rc1 b6 $146 (11... cxd4 $1 $14 12. Bxd4 (12. exd4 dxc4 13. Nxc4 Nd5 $11) (12. Nxd4 e5 $14) 12... e5) ({Predecessor:} 11... cxd4 12. Bxd4 e5 13. Ba1 e4 14. Nd4 dxc4 15. Nxc4 Nb6 16. h3 Nfd5 17. Qd2 Nxc4 18. Rxc4 {½-½ (67) Nanu,C (2507)-Paschall,W (2353) Predeal 2007}) 12. Ne5 Bb7 13. Nc6 Qc7 {[#]} 14. dxc5 $1 bxc5 15. cxd5 Nxd5 16. Bxg7 Kxg7 17. Ne4 {[%cal Bd2e4,Be4c5,Bc5b3,Bb3d4][%mdl 32]} Bxc6 18. Nxc5 (18. bxc6 Qxc6 19. Nxc5 Nxc5 $14) 18... Rac8 19. Nb3 Ne5 (19... Qd6 $16) 20. bxc6 Red8 {[#]} (20... Nb4 $142 21. Nd4 Nxa2) 21. Nd4 $1 $18 Nb4 22. Qa4 Qb6 {[%cal Re5c6]} 23. Qb5 $36 {[%mdl 2048] White is on the roll.} Qc7 (23... Qxb5 {is a better defense.} 24. Bxb5 Ned3) 24. Rc5 Rb8 25. Qa4 ({Stronger than} 25. Rxe5 Rxb5 26. Rxb5 Nxc6 $11) ({Weaker is} 25. Qxa5 Qxa5 26. Rxa5 Nexc6 $16) 25... Qd6 (25... Ned3 $142 26. Bxd3 (26. Rxa5 Rxd4 27. exd4 Nxc6 $18) 26... Nxd3) 26. Qxa5 {Hoping for c7.White is clearly winning.} Nbd3 (26... Nbxc6 $142 27. Nxc6 Nxc6 28. Qc3+ Nd4 29. exd4 Qxd4 30. Qxd4+ Rxd4) 27. Bxd3 Nxd3 28. Rg5 {Precision: White = 74%, Black = 38%.} 1-0

[Event "1st Goa GM Open 2018"]
[Site "Taleigao"]
[Date "2018.10.14"]
[Round "2"]
[White "Sivuk, Vitaly"]
[Black "Singh, D.P."]
[Result "*"]
[WhiteElo "2545"]
[BlackElo "2132"]
[Annotator "TA"]
[PlyCount "27"]
[EventDate "2018.10.13"]
[EventType "swiss"]
[EventCountry "IND"]
[SourceTitle "playchess.com"]
[Source "ChessBase"]
[SourceQuality "1"]

{[%evp 5,5,35]} 1. e4 g6 2. d4 Bg7 3. Nf3 {Predecessor:} d6 $146 4. Be3 Nf6 5. Nc3 O-O 6. Qd2 Nc6 7. d5 Nb4 8. a3 Na6 9. Bxa6 bxa6 10. Bh6 c6 11. Bxg7 Kxg7 12. O-O Qb6 13. Rab1 cxd5 14. exd5 {0-1 (31) Giri,A (2782)-Aronian,L (2767) chess.com INT 2018} *

[Event "1st Goa GM Open 2018"]
[Site "Taleigao"]
[Date "2018.10.14"]
[Round "2"]
[White "Karthik Venkataraman"]
[Black "Jaeel Atharva"]
[Result "1-0"]
[WhiteElo "2525"]
[BlackElo "2130"]
[Annotator "TA"]
[PlyCount "49"]
[EventDate "2018.10.13"]
[EventType "swiss"]
[EventCountry "IND"]
[SourceTitle "playchess.com"]
[Source "ChessBase"]
[SourceQuality "1"]

{[%evp 9,49,41,42,53,48,36,55,52,60,56,62,31,86,62,81,49,94,70,149,151,231,220,269,237,383,342,389,222,294,140,268,274,315,312,341,322,616,596,824,831,828,829]} 1. e4 c6 2. d4 d5 3. e5 c5 4. dxc5 Nc6 5. f4 (5. a3 Nxe5 6. b4 Nf6 7. Bb2 Nc6 8. Nf3 g6 9. Nc3 d4 10. Nb5 e5 11. Qe2 Bg4 12. O-O-O Bh6+ {1-0 (48) Nepomniachtchi,I (2751)-Navara,D (2737) Saint Louis 2017}) 5... e6 6. Be3 $1 {B12: Caro-Kann: Advance Variation} d4 7. Bf2 Bxc5 8. Nd2 {White is slightly better.} Nge7 9. Bd3 Nd5 10. Qg4 g6 (10... O-O $1 $14) 11. Ne2 $146 ({Predecessor:} 11. Ne4 Bb4+ 12. Ke2 f5 {1-0 (41) Ledger,D (2245)-Xaxiris,E (2088) Ascot 2011}) 11... Qa5 {aiming for ...Bb4.} 12. a3 Bd7 13. Rc1 Ne3 ({Black should play} 13... Rc8 $14) 14. Qf3 Qc7 (14... O-O $16 15. c3 Bb6) 15. Ne4 Bb6 16. b4 O-O (16... Nd5 $142 17. b5 (17. Nd6+ Kf8 $18) 17... Nce7 18. Nxd4 (18. Nd6+ Kf8 $18) 18... Nc3) 17. Nf6+ Kg7 18. Bh4 ({Weaker is} 18. Bxe3 dxe3 19. c4 Qc8 $18) (18. c4 $142) 18... Rh8 19. Ne4 (19. c4 $18 {is more deadly.}) 19... Kf8 {[#]} (19... h5 $16 {is a better defense.} 20. b5 Na5 21. Bf6+ Kg8 22. Bxh8 Kxh8) 20. Bf6 $1 $18 {[%cal Rf6h8]} Rg8 21. g4 Ne7 {[#]} 22. Qh3 $1 {[%cal Rh3h7]} h5 $2 (22... Bc6 23. Qh6+ (23. Qxh7 Bxe4 24. Bxe4 Nxg4 $14) 23... Ke8 24. Nd6+ (24. Qxh7 Ng2+ 25. Kf2 Bxe4 $16) 24... Kd7) 23. gxh5 {h6 is the strong threat.White is clearly winning.} gxh5 24. Qxh5 Bc6 {[#]} 25. Nd6 $1 {[%mdl 512] Precision: White = 50%, Black = 24%.} 1-0

[Event "1st Goa GM Open 2018"]
[Site "Taleigao"]
[Date "2018.10.14"]
[Round "2"]
[White "Anurag, Mhamal"]
[Black "Cholleti Sahajasri"]
[Result "1-0"]
[WhiteElo "2495"]
[BlackElo "2125"]
[Annotator "TA"]
[PlyCount "97"]
[EventDate "2018.10.13"]
[EventType "swiss"]
[EventCountry "IND"]
[SourceTitle "playchess.com"]
[Source "ChessBase"]
[SourceQuality "1"]

{[%evp 14,97,14,2,22,13,6,-4,12,14,12,8,17,0,27,17,23,16,21,27,57,50,83,0,162,41,70,60,75,69,109,37,74,86,41,-22,0,-31,-36,-38,36,19,41,37,27,35,53,3,17,11,6,0,0,0,0,0,0,0,191,182,188,172,215,149,241,145,145,145,253,169,391,391,495,391,391,391,693,691,688,674,1335,1329,1287,1289,807,643]} 1. Nf3 c5 2. g3 d5 3. Bg2 Nf6 4. O-O e6 5. c4 d4 6. e3 Nc6 7. exd4 cxd4 8. d3 Bd6 {A13: English Opening: 1...e6} (8... Be7 9. b3 O-O 10. Na3 e5 11. Nc2 Nd7 12. a3 a5 13. Rb1 Nc5 14. b4 axb4 15. axb4 Na4 16. Bd2 {0-1 (47) Wei,Y (2739)-Karjakin,S (2760) Medias 2017}) 9. a3 a5 10. Bg5 h6 {The position is equal.} 11. Bxf6 $1 Qxf6 12. Nbd2 {[%cal Bb1d2,Bd2b3,Bb3c5][%mdl 32]} Qe7 $146 ({Predecessor:} 12... Qd8 13. Qc2 O-O 14. c5 {0-1 (37) Berry,S (2314)-Banusz,T (2586) Vienna 2015}) 13. Nb3 Qf6 14. Nfd2 Bc7 15. Nc5 O-O 16. Qa4 Rb8 17. b4 $36 {[%mdl 2048] White has the initiative.} Qe7 18. Ndb3 (18. Nxb7 $16 Bxb7 19. Bxc6) 18... Rd8 $2 (18... Ne5 $11) 19. Rfe1 ({Not} 19. bxa5 Nxa5 20. Nxa5 Qxc5 $11) (19. Bxc6 $18 {Black must now prevent Bb5.} bxc6 20. Nxa5 (20. bxa5 Bd6 $14) 20... Bxa5 21. Qxa5) 19... axb4 20. axb4 Ne5 21. Qa7 Nc6 {[#]} 22. Bxc6 (22. Qa3 $1 $16) 22... bxc6 $14 23. Na5 Rb6 24. Rac1 (24. Rec1 $14 Re8 25. Rab1) 24... Re8 $11 25. b5 cxb5 26. cxb5 Bd8 (26... Rxb5 $15 27. Nc6 Qd6) 27. Nc6 $14 Qxa7 28. Nxa7 Bb7 $1 29. Rb1 Bd5 30. Rec1 Bg5 31. f4 Be7 32. Na4 Rb7 33. b6 {[%cal Bb5b6,Bb6b7][%mdl 32]} Ra8 34. Rc8+ Rxc8 35. Nxc8 Bd8 $2 {[#]} (35... Kf8 $11 {and Black has nothing to worry.}) 36. Nc5 $1 $18 {[%cal Rc5b7]} Rb8 37. b7 f6 ({Wrong is} 37... Bxb7 $2 38. Na7 $18) 38. Rb4 e5 (38... Kh7 $16 39. f5 (39. Rxd4 Ba5 $11) 39... e5) 39. f5 Kh7 40. Kf2 g6 (40... h5 $16 {was worth a try.} 41. Nb6 Bxb6 42. Rxb6 Kh6) 41. g4 {[%cal Bg3g4,Bg4f5][%mdl 32]} gxf5 $2 (41... h5) 42. gxf5 h5 43. Nd6 Be7 44. Rb6 Bd8 $2 (44... Bh1 45. Nde4 Bxc5 46. Nxc5 Kg7) 45. Rb5 {White is clearly winning.} Bc6 46. Na6 Bxb5 47. Nxb8 Bc7 48. Nxb5 Bxb8 49. Na3 {Precision: White = 50%, Black = 38%.} 1-0

[Event "1st Goa GM Open 2018"]
[Site "Taleigao"]
[Date "2018.10.14"]
[Round "2"]
[White "Vignesh N R"]
[Black "Meftahi, Houssem"]
[Result "1-0"]
[WhiteElo "2447"]
[BlackElo "2119"]
[Annotator "TA"]
[PlyCount "61"]
[EventDate "2018.10.13"]
[EventType "swiss"]
[EventCountry "IND"]
[SourceTitle "playchess.com"]
[Source "ChessBase"]
[SourceQuality "1"]

{[%evp 18,61,35,23,31,3,15,14,15,8,51,39,54,-6,71,72,103,97,141,139,173,149,170,167,170,166,199,164,331,284,485,490,477,464,458,446,443,419,563,503,796,738,808,638,764,793]} 1. d4 d5 2. c4 e6 3. Nf3 c6 4. e3 f5 5. Bd3 Nf6 6. O-O Bd6 7. b3 O-O 8. Ba3 Bxa3 9. Nxa3 Ne4 10. b4 {LiveBook: 4 Partien. A84: Holländische Verteidigung} Qe7 (10... a6 11. Nc2 b5 12. c5 Nd7 13. Ne5 Qc7 14. f3 Nc3 15. Qe1 Na4 16. Nxd7 Bxd7 17. Rb1 a5 {1-0 (60) Nielsen,P (2675)-Tikkanen,H (2497) Sweden 2008}) 11. c5 $146 ({Vorgänger:} 11. Qb3 a6 12. Nc2 b6 13. a4 Bb7 14. c5 b5 15. axb5 cxb5 16. Rad1 Nc6 17. Ne5 g5 {1-0 (30) Ilincic,Z (2519)-Doncea,V (2455) Timisoara 2008}) 11... Nd7 12. Nc2 {Die Stellung ist ausgeglichen.} a5 13. a3 g5 14. Ne5 Qg7 15. f3 (15. f4 $14) 15... Nef6 (15... Nxe5 $11 16. dxe5 Nc3) 16. Qd2 $36 {[%mdl 2048] Schwarz muss aufpassen.} g4 17. f4 Ne4 18. Bxe4 $1 fxe4 19. bxa5 {[%cal Bb4a5,Ba5a6][%mdl 32]} Rf5 20. Nb4 Nxe5 21. dxe5 Qc7 {[#]} 22. a6 $1 b6 $2 (22... Rf7 23. axb7 Bxb7) 23. Rfc1 Rxa6 $2 (23... Bd7 24. Qd4 b5) 24. Nxa6 $18 Bxa6 25. cxb6 Qxb6 26. Rab1 Qc7 27. Rc5 Bc4 28. Qa5 {Weiß steht klar auf Gewinn.} Rf7 (28... Qxa5 $142 29. Rxa5 Rf8) 29. Qa8+ Kg7 30. Qxc6 Qa7 31. a4 {Precision: Weiß = 75%, Schwarz = 23%.} 1-0